| 000 | 00552nam a2200241Ia 4500 | ||
|---|---|---|---|
| 008 | 190123s9999 xx 000 0 und d | ||
| 020 | _a043947146x | ||
| 050 | _bA646 2001 | ||
| 100 | _aApperley, Dawn | ||
| 245 | 0 | _aFlip and flop / | |
| 245 | 0 | _cby Dawn Apperley. | |
| 260 | _aNew York, New York : | ||
| 260 | _bScholastic, | ||
| 260 | _c2001 | ||
| 300 | _aunpaged : | ||
| 300 | _bcolored illustrations ; | ||
| 300 | _c23cm. | ||
| 500 | _a210L | ||
| 650 | _aBrothers. | ||
| 650 | _aPenguins. | ||
| 650 | _aPlay. | ||
| 700 | _aTitle. | ||
| 999 |
_c361011 _d361011 |
||